| 000 | 00626nam a22001937a 4500 | ||
|---|---|---|---|
| 005 | 20251108163343.0 | ||
| 008 | 250721s1993 xx 000 0 ara d | ||
| 082 | 1 | 4 | _a001.50973/ماك |
| 100 | 1 | _aماكارثر، جونار | |
| 245 | 1 | 0 |
_aالجبهه الثانيه : _bالتضليل الإعلامي في حرب الخليج / |
| 264 | 1 |
_aعمان : _bدار الفكر للنشر، _c1993. |
|
| 300 | _a272ص. | ||
| 650 | 1 | 7 | _aالإعلام |
| 650 | 1 | 7 | _aحرب الخليج 1991 |
| 700 | 1 |
_aبرهوم، محمود _eترجمة |
|
| 700 | 1 |
_aناصر، نقولا _eترجمه |
|
| 942 |
_2ddc _cBK |
||
| 999 |
_c544 _d544 |
||